01515 2200433 4500001002100000005001500021035002000036007000300056008004100059020002200100040002200122082001600144084001800160090002300178090002200201100002700223245027600250250003200526300002500558650003000583700002000613700002600633700002700659700003300686700003400719700003000753700003100783700003800814700002600852700002700878850001200905041000800917264003800925336002100963337003000984338002301014999002201037990002201059INLIS00000000084972020191128124950 a0010-0719000721ta190718s2018 yoi g | j ind d a978-602-491-016-7 aYOPDYOGbinderda04223a808.301 a808.301 AGU d aDEP 808.301 AGU d aCB-D.11 2018-3132 aAgus Indrawanepenulis1 aBhakti mulia rumah kita /cpenulis, Agus Indrawan, Alfani, Alfonsus Andaluandra Bhima Palma Putra,T.Alvian, Khotimatul Khasanah, Andreas Dwi Fernanda, Angelina Annabel, Bastian Dwi Palma, Benedictus Gunawan Utomo, Budi Santoso, Damar Saputra, Dian Safitri, Dimas Saputro aCetakan ke-1, November 2018 a102 halaman ;c21 cm 4aCerita pendek--xkumpulan aAlfaniepenulis aDian Safitriepenulis aDimas Saputroepenulis aKhotimatul Khasanahepenulis aAndreas Dwi Fernandaepenulis aAngelina Annabelepenulis aBastian Dwi Palmaepenulis aBenedictus Gunawan Utomoepenulis aBudi Santosoepenulis aDamar Saputraepenulis aYOPDYOG0 aind34aYogyakarta :bPohon Cahaya,c2018 2rdacontentateks 2rdamediaatanpa perantara 2rdacarrieravolume aCB-D.11/2018-3132 aCB-D.11/2018-3132